[Event "Hoogovens-B"]
[Site "Wijk aan Zee"]
[Date "1990.01.??"]
[Round "8"]
[White "Brenninkmeijer, Joris"]
[Black "Polgar, Zsuzsa"]
[Result "0-1"]
[WhiteElo "2475"]
[BlackElo "2500"]
[Annotator "Ftacnik,L"]
[PlyCount "80"]
[EventDate "1990.01.??"]
[EventType "tourn"]
[EventRounds "11"]
[EventCountry "NED"]
[EventCategory "9"]
[Source "ChessBase"]
[SourceDate "1990.08.01"]

1. d4 {Polgar,Zsu} d5 2. c4 dxc4 3. e4 c5 4. d5 (4. Nf3 {Polgar,Zsu} cxd4 5.
Qxd4 Qxd4 6. Nxd4 {does not promise much for white}) 4... Nf6 5. Nc3 e6 6. Nf3
(6. Bxc4 {Polgar,Zsu} exd5 7. Nxd5 Nxd5 8. Bxd5 Be7 9. Qh5 O-O 10. Nf3 Nd7 11.
Ng5 Bxg5 12. Bxg5 Nf6 13. Bxf6 Qxf6 14. O-O Qxb2 15. Rac1 (15. Rab1 Qf6 16.
Rfc1 $146) 15... Be6 16. Rb1 Qf6 17. e5 Qd8 18. Bxe6 fxe6 19. Rxb7 Qd5 $1 20.
Re7 Rf5 21. Qg4 Qxe5 $15 {Rivas Pastor,M-Polgar,Zsu/Leon/1989/}) 6... exd5 7.
e5 Nfd7 8. Bg5 Be7 9. Bxe7 Qxe7 10. Nxd5 Qd8 11. Qc2 Nxe5 12. Qe4 Be6 13. Qxe5
Qxd5 14. Qxg7 Rf8 15. Rd1 Qe4+ (15... Qf5 $2 {Polgar,Zsu} 16. Ng5 Qg6 17. Qxg6
hxg6 18. Nxe6 fxe6 19. Bxc4 Ke7 20. Bd3 $1 $16 { >>d3-e4; Lukacs/Hazai}) 16.
Be2 Nd7 17. Ng5 Qg6 18. Nxe6 (18. Qxg6 {Polgar,Zsu} hxg6 19. Nxe6 fxe6 20. Bxc4
Ke7 21. Bd3 $10 {There is a big difference between the above mentioned Hazai/
Lukacs line and this one. White took the c4 pawn in two moves!} Ne5 22. Be4
Rad8 $10 {Timman,J-Polgar,Zsu/Köln TV-Cup/1987/}) 18... Qxe6 19. Qxh7 (19. O-O
$5) 19... O-O-O 20. Qc2 Rfe8 (20... Rg8 $5 21. Qxc4 Rxg2) 21. h4 Ne5 (21... Re7
22. Rh3 Rde8 23. Re3 Ne5 24. Kf1 Qf6 25. g3 $1 $16 {Epishin,V-Vladimirov,E/
Barnaul/1988/}) 22. O-O Rd4 23. Rxd4 (23. g3 $2 Rxh4 $1 24. gxh4 Rg8+ 25. Kh2
Ng4+ $1 26. Kh1 (26. Bxg4 {Polgar,Zsu} Qxg4 $19) 26... Ne3 $19) 23... cxd4 24.
Rc1 b5 (24... Rg8 25. Bxc4 Rxg2+ 26. Kxg2 Qg4+ 27. Kf1 $18) 25. Qe4 Qb6 $1 26.
Kf1 (26. f4 $2 {Polgar,Zsu} d3+ $1) 26... Re6 (26... Kb8 {Polgar,Zsu} 27. f4 $1
) 27. h5 $6 (27. f4 d3 $1 28. fxe5 (28. Bd1 {Polgar,Zsu} d2 { 29...[]d3 -+})
28... dxe2+ 29. Kxe2 Qc5) (27. a4 Kb8 28. Bg4 Nxg4 29. Qxg4) 27... Kb8 28. Bg4
(28. Qf4 {Polgar,Zsu} Qd6) (28. b3 {Polgar,Zsu} c3) 28... Nxg4 29. Qxg4 d3 $1
30. Qg8+ Kb7 31. Qxf7+ Ka6 32. a4 (32. Qd7 Qd6 $1 33. Qxd6+ (33. Qc8+ {Polgar,
Zsu} Kb6) 33... Rxd6 34. Rd1 b4) 32... b4 33. Qf4 (33. Qd7 Qc6 34. Qd4 (34.
Qxc6+ {Polgar,Zsu} Rxc6 { c4-c3}) 34... Qe4) (33. Rxc4 $2 {Polgar,Zsu} d2 $19)
33... Qc5 $1 34. h6 (34. Rxc4 d2 $1 $19) 34... Qd5 (34... c3 35. bxc3 bxc3 36.
h7 d2 37. h8=Q) 35. Rd1 (35. h7 d2 36. h8=Q (36. Rd1 Re1+ 37. Rxe1 Qd3+) 36...
d1=Q+ (36... d1=Q+ {Polgar,Zsu} 37. Rxd1 Qxd1#)) 35... Qe4 (35... c3 36. bxc3
bxc3 37. Qb8 Qc4 $1 38. Qb5+ Qxb5 39. axb5+ Kxb5 40. Rxd3 c2 41. Rc3 Rc6 42.
Rxc2 Rxc2 43. g4 a5 44. h7 Rc8 45. g5 a4 46. g6 a3 47. g7 a2 48. g8=Q a1=Q+ 49.
Kg2 Qa8+ $19) 36. Qxe4 Rxe4 37. g3 (37. h7 Rh4 38. Ke1 Rxh7 39. Kd2 Ka5 40. b3
cxb3 41. Kxd3 Kxa4 $19 (41... Kxa4 {Polgar,Zsu} 42. Ra1+ Kb5 $19)) 37... Re6
38. Kg2 (38. b3 {Polgar,Zsu} c3 $1) 38... Rxh6 39. f4 Rd6 40. f5 c3 {Ftacnik,L}
0-1

[Event "Stara Zagora zt-B"]
[Site "Stara Zagora"]
[Date "1990.??.??"]
[Round "3"]
[White "Marin, Mihail"]
[Black "Polgar, Zsuzsa"]
[Result "1/2-1/2"]
[WhiteElo "2485"]
[BlackElo "2500"]
[PlyCount "83"]
[EventDate "1990.02.??"]
[EventType "tourn"]
[EventRounds "13"]
[EventCountry "BUL"]
[EventCategory "10"]
[Source "ChessBase"]
[SourceDate "1990.08.01"]

1. d4 Nf6 2. c4 c5 3. d5 b5 4. cxb5 a6 5. bxa6 g6 6. Nc3 Bxa6 7. e4 Bxf1 8.
Kxf1 d6 9. g3 Bg7 10. Kg2 O-O 11. Nf3 Nbd7 12. h3 Qb6 13. Re1 Ne8 14. Re2 Nc7
15. Bf4 Rfb8 16. Rc1 Qa6 17. Rcc2 Rb4 18. e5 dxe5 19. Bxe5 Nxe5 20. Nxe5 Rd4
21. Rcd2 e6 22. Rxd4 cxd4 23. Qxd4 Nxd5 24. Qe4 Nxc3 25. bxc3 Rc8 26. Rd2 Qa8
27. Qxa8 Rxa8 28. f4 Bxe5 29. fxe5 Ra5 30. Re2 Kf8 31. h4 h6 32. Kf3 Rc5 33.
Re3 Ra5 34. Re2 Rc5 35. a3 Rxc3+ 36. Re3 Rc4 37. Re4 Rc3+ 38. Re3 Rc4 39. Ke2
Rd4 40. Rd3 Re4+ 41. Re3 Rd4 42. Rd3 1/2-1/2

[Event "Stara Zagora zt-B"]
[Site "Stara Zagora"]
[Date "1990.??.??"]
[Round "5"]
[White "Stohl, Igor"]
[Black "Polgar, Zsuzsa"]
[Result "1/2-1/2"]
[WhiteElo "2530"]
[BlackElo "2500"]
[PlyCount "36"]
[EventDate "1990.02.??"]
[EventType "tourn"]
[EventRounds "13"]
[EventCountry "BUL"]
[EventCategory "10"]
[Source "ChessBase"]
[SourceDate "1990.08.01"]

1. d4 d5 2. c4 dxc4 3. e3 e5 4. Bxc4 exd4 5. exd4 Nf6 6. Nf3 Be7 7. O-O O-O 8.
Ne5 Nc6 9. Nxc6 bxc6 10. Nc3 Qd6 11. h3 Rb8 12. b3 Be6 13. Bxe6 Qxe6 14. Be3
Bb4 15. Ne2 Rfd8 16. Nf4 Qf5 17. Qd3 Qxd3 18. Nxd3 Bc3 1/2-1/2

[Event "Dortmunder Schachtage-A 18th"]
[Site "Dortmund"]
[Date "1990.04.08"]
[Round "4"]
[White "Polgar, Zsuzsa"]
[Black "Azmaiparashvili, Zurab"]
[Result "1-0"]
[WhiteElo "2500"]
[BlackElo "2610"]
[Annotator "Polgar,Zsu"]
[PlyCount "83"]
[EventDate "1990.04.05"]
[EventType "tourn"]
[EventRounds "11"]
[EventCountry "GER"]
[EventCategory "13"]
[Source "ChessBase"]
[SourceDate "1990.10.01"]

1. d4 d6 2. Nf3 g6 3. c4 Bg7 4. Nc3 e5 5. e4 {Azmaiparashvili himself as White
played} (5. dxe5 dxe5 6. Qxd8+ Kxd8 7. Be3 Be6 8. Ng5 Bxc4 9. b3 h6 10. bxc4
hxg5 11. Bxg5+ Kc8 12. Bd2 Nd7 13. g4 Nc5 14. h4 Nf6 15. g5 Nfe4 16. Bh3+ Kb8
17. Nxe4 Nxe4 18. Rd1 f5 19. Be3 Kc8 20. h5 c6 21. hxg6 Kc7 22. Bg2 Rxh1+ 23.
Bxh1 {Azmaiparasvili-Tkebucava,SSSR 1985}) 5... Nc6 {It seems that Azmaj did
not feel like repeat his favorite line,which did not bring him succses in the
second round.} (5... exd4 6. Nxd4 Nc6 7. Be3 Nge7 8. h4 f5 9. h5 fxe4 10. hxg6
Nxg6 11. Qd2 Nxd4 12. Bxd4 Ne5 13. Nxe4 Qe7 14. O-O-O Be6 15. f4 Nc6 16. Bxg7
Qxg7 17. Ng5 Bf5 18. Re1+ Kd7 19. Bd3 Raf8 20. Bxf5+ Rxf5 21. Qd3 Rxg5 22. fxg5
Qxg5+ 23. Kb1 $16 {Bonsch-Azmaiparashvili,Dortmund 1990}) 6. Bg5 (6. dxe5 Nxe5
(6... dxe5 7. Qxd8+ Nxd8 8. Nb5 Ne6 9. Ng5 $18) 7. Nxe5 (7. Be2 Ne7 8. Nxe5
dxe5 9. Qxd8+ Kxd8 10. Bg5 f6 11. O-O-O+ Ke8 12. Nb5 c6 13. Nc7+ Kf7 14. Be3
$18 {Lputjan-Davies,1983}) 7... dxe5 8. Qxd8+ Kxd8 9. Bg5+ f6 10. O-O-O+ Bd7
11. Be2 fxg5 $2 12. Bg4 Nf6 13. Rxd7+ Nxd7 14. Rd1 h5 15. Rxd7+ Ke8 16. Be6 Bf6
17. Rxc7 Bd8 18. Rxb7 Rf8 19. Nd5 $18 {Knaak-Vadasz,Budapest 1977}) 6... f6 (
6... Qd7 7. dxe5 dxe5 8. Nb5 Nd4 $4 (8... f6 $1 9. Be3 Qe7 10. Qd5 Nb4 11. Qd2
$16) 9. Nfxd4 a6 (9... exd4 10. Bf4 $18) 10. Qa4 axb5 (10... c6 11. Nxc6 bxc6
12. Rd1 $18) 11. Qxa8 exd4 12. cxb5 Nf6 13. Bd3 O-O 14. O-O $18 {
Miles-Quinteros,Puerto Madryn 1980}) 7. Be3 Nh6 8. dxe5 (8. h3 Nf7 9. Be2 O-O
10. O-O f5 11. exf5 gxf5 12. dxe5 dxe5 13. Nd5 $2 (13. Qd5 $1 e4 (13... Ne7 14.
Qxd8 Nxd8 15. Nb5 Ne6 16. Ng5 f4 17. Nxe6 Bxe6 18. Bc5 $18) (13... Qf6 $1 14.
Qd2 {with a complicated position.}) 14. Ng5 Qxd5 15. cxd5 Nce5 16. Ne6 Bxe6 17.
dxe6 Nd6 18. Nd5 c6 19. Nc7 Rac8 20. Bc5 $18) 13... f4 14. Bc5 e4 15. Nd4 Nxd4
16. Bxd4 f3 $1 17. gxf3 Bxh3 {with a strong attack for Black in Lukacs-Vadasz,
1974}) 8... dxe5 (8... fxe5 9. Bg5 $16) 9. Qxd8+ Kxd8 (9... Nxd8 10. Nd5 $18)
10. h3 (10. O-O-O+ Bd7 11. h3 Nf7 {Maybe 11...f5 is interesting.} 12. c5 Kc8
13. Bc4 Ncd8 14. Nd2 Be6 15. c6 $5 bxc6 16. Ba6+ Kd7 17. Na4 Ke7 18. Nc5 Nd6
19. f3 h5 20. Kc2 Bh6 {Janosevic-Vadasz,Beograd 1977}) 10... Be6 {If now 10...
f5 11.Bg5.} 11. O-O-O+ Kc8 (11... Ke8 12. Nd5 $16) 12. g4 Nf7 (12... f5 13.
gxf5 gxf5 14. Rg1 $16) (12... Rd8 13. Nd5 $16) 13. Rg1 {To stop h7-h5.} b6 {13.
..Bh6 14Nd5.} 14. c5 $1 Kb7 15. Nd5 Rad8 (15... Ncd8 $2 16. Ba6+ $1 Kxa6 17.
Nxc7+ Kb7 18. Nxe6 $18) (15... Rac8 16. b4 Bxd5 $2 17. exd5 Nxb4 18. c6+ Kb8
19. a3 Na2+ 20. Kb2 $18) 16. Ba6+ Kb8 17. a3 Bc8 18. Bxc8 {18.Bc4 gives some
advantage too.} Kxc8 19. b4 b5 20. a4 $1 a6 (20... bxa4 21. b5 Na5 22. Nd2 $16)
21. axb5 axb5 22. Kb2 Kb7 23. Kb3 Nb8 {The decisive mistake.Black had to play
23...Rae8 but of course White is still clearly better.} (23... Ra8 $2 24. Nc3 {
and Black is eigher loosing a pawn or White enters to d7.}) 24. Ra1 Nc6 (24...
c6 25. Nb6 Rd3+ (25... Nd7 26. Ra5 Nxb6 27. cxb6 Ra8 28. Rd1 Rxa5 (28... Rhd8
29. Rxa8 $18) 29. Rd7+ Kc8 30. Rc7+ $18) 26. Kc2 Rhd8 27. Ne1 $18) 25. Nc3 Na7
(25... Rd3 26. Rgd1 Rhd8 27. Rxd3 Rxd3 28. Ne1 Nd4+ $2 29. Kb2 $18) 26. Ra5 c6
27. Rga1 (27. Kc2 Ra8 28. Rga1 Rhb8 29. Ra6 Nc8 {and Black is holding}) 27...
Nc8 {Diagram} (27... Ra8 28. Ra6 $18) 28. Nxb5 $1 cxb5 29. Rxb5+ Kc7 30. Ra6 {
Maybe 30.Rba5 was even stronger.} Rd1 31. Rba5 Nd8 32. Kc2 Rh1 33. b5 Rxh3 34.
Nd2 h5 (34... Rxe3 35. fxe3 h5 36. gxh5 gxh5 37. c6 h4 38. Nc4 {and Ra7 next
is hopless too.}) 35. gxh5 gxh5 36. Nc4 Nb7 37. Ra1 Bf8 38. Rc6+ Kb8 {Diagram}
39. Ra8+ $1 Kxa8 40. Rxc8+ Ka7 41. c6+ Rxe3 42. fxe3 1-0

[Event "Dortmunder Schachtage-A 18th"]
[Site "Dortmund"]
[Date "1990.04.12"]
[Round "7"]
[White "Lobron, Eric"]
[Black "Polgar, Zsuzsa"]
[Result "0-1"]
[WhiteElo "2545"]
[BlackElo "2500"]
[Annotator "Polgar,Zsu"]
[PlyCount "75"]
[EventDate "1990.04.05"]
[EventType "tourn"]
[EventRounds "11"]
[EventCountry "GER"]
[EventCategory "13"]
[Source "ChessBase"]
[SourceDate "1990.10.01"]

1. d4 d5 2. c4 e6 3. Nf3 Nf6 4. Bg5 Bb4+ 5. Nc3 (5. Nbd2 $6 dxc4 {Polgar,
Zsuzsa-Heyken,Copenhagen 1986}) 5... dxc4 6. e4 c5 (6... b5 7. a4 c6 8. e5 h6
9. exf6 hxg5 10. fxg7 Rg8 11. g3 Bb7 $6 12. Bg2 Nd7 13. O-O $16 {Lobron-Werner,
D Cannes 1988 see Inf 45/500}) 7. Bxc4 (7. e5 cxd4 8. Nxd4 Qa5 9. exf6 Bxc3+
10. bxc3 Qxg5 11. fxg7 Rg8 12. g3 Qd5 13. Rg1 Rxg7 14. Qe2 Nd7 15. Qxc4 Qxc4
16. Bxc4 Nb6 17. Bb5+ Bd7 18. Bxd7+ Kxd7 $10 {Browne-Polgar,Zsuzsa Reykjavik
1988 see Inf 45\489}) 7... cxd4 8. Nxd4 Bxc3+ 9. bxc3 Qa5 10. Bb5+ $1 (10. Bxf6
Qxc3+ 11. Kf1 gxf6 12. Rc1 Qa5 13. h4 {gives nothing much for White}) 10...
Nbd7 {New move.} (10... Bd7 11. Bxf6 gxf6 12. Qb3 a6 13. Be2 $1 Nc6 14. O-O Qc7
(14... O-O 15. Rad1 Qc7 16. Qb2 $1 $14 {Ejngorn-Gelfand,Debrecen 1989 see Inf
48/550.}) 15. Rab1 (15. Rfd1 O-O 16. Nc2 Rfd8 17. Rab1 b5 18. c4 Ne5 19. Qg3+
Kf8 20. Ne3 Rac8 21. cxb5 Bxb5 22. Rxd8+ Qxd8 23. Bxb5 axb5 {Petursson-Ribli,
Reggio Emilia 1989/90}) 15... Na5 16. Qa3 Rc8 17. Rfd1 (17. c4 {
Ejngorn-Judasin,Soviet Championship 1988 Inf 46/549}) 17... Qxc3 (17... Qc5 18.
Qc1 Qg5 19. Qb2 $14 {Kasparov}) 18. Qd6 $1 Qc7 19. Nf5 $1 exf5 20. Qxf6 $16 {
and White won in an elegant style Kasparov-Hjartarson,Tilburg 1989 Inf 48/551.}
) 11. Bxf6 Qxc3+ 12. Kf1 gxf6 13. Nxe6 $6 {A dubios but very interesting piece
sacrifice.13.Rc1 can be recomended.} Qe5 $1 {Of course 13...fe6 would lose
right away after 14.Rc1 Qe5 15.Rc8.} 14. Ng7+ $6 {It was the last chanse to
turn back with 14.Nd4 0-0 15.Rc1 Nc5 with an equal  position.} Kf8 15. Nf5 (15.
Bxd7 Bxd7) 15... Qxb5+ 16. Kg1 Qe5 $1 17. h4 (17. Rc1 Rg8) 17... Rg8 18. Rh3
Rg6 19. Rc1 (19. Rd3 Kg8 $1) 19... Nb6 (19... Kg8 $2 20. Rhc3 $18) (19... Qxe4
$2 20. Qd6+ Kg8 21. Ne7+ Kg7 22. Nxg6 hxg6 23. Re3 Qxh4 24. Re8 $16) 20. Qd8+ (
20. Rc5 Bxf5 21. Rxe5 Bxh3 22. Qd6+ Kg7) 20... Qe8 21. Qd6+ Kg8 22. Re3 (22. h5
Bxf5 23. exf5 Rg5 24. Qxf6 Qd8 $19) 22... Be6 23. h5 Rg5 24. Ne7+ (24. f4 Rxf5
$1 25. exf5 Qd7 26. Qa3 Bxf5 $19) 24... Kh8 $19 25. Rc7 Qd8 26. Qf4 Qd1+ 27.
Kh2 Qxh5+ 28. Kg1 (28. Rh3 Rxg2+ 29. Kxg2 Qxh3+ $19) 28... Qd1+ 29. Kh2 Qd4 30.
Rxb7 Qe5 31. Qxe5 fxe5 32. Ra3 Nc8 33. Nc6 Nd6 34. Re7 Rc8 35. Nxa7 Rh5+ 36.
Kg3 Rg8+ 37. Kf3 Bg4+ 38. Kg3 {38...Bd1 mate.} 0-1

[Event "Debrecen"]
[Site "Debrecen"]
[Date "1990.??.??"]
[Round "1"]
[White "Polgar, Zsuzsa"]
[Black "Horvath, Jozsef"]
[Result "1/2-1/2"]
[WhiteElo "2500"]
[BlackElo "2525"]
[PlyCount "43"]
[EventDate "1990.06.??"]
[EventType "tourn"]
[EventRounds "11"]
[EventCountry "HUN"]
[EventCategory "13"]
[Source "ChessBase"]
[SourceDate "1991.02.01"]

1. d4 Nf6 2. Nf3 e6 3. e3 c5 4. Bd3 b6 5. O-O Bb7 6. c4 Be7 7. Nc3 cxd4 8. exd4
d5 9. cxd5 Nxd5 10. Ne5 O-O 11. Qg4 Nxc3 12. bxc3 Nd7 13. Qh3 f5 14. Bf4 Rc8
15. c4 Nxe5 16. Bxe5 Bf6 17. Qe3 Bxe5 18. Qxe5 Qf6 19. Rfe1 Rcd8 20. Qxe6+ Qxe6
21. Rxe6 Rxd4 22. Re7 1/2-1/2

[Event "Debrecen"]
[Site "Debrecen"]
[Date "1990.??.??"]
[Round "6"]
[White "Dorfman, Josif D"]
[Black "Polgar, Zsuzsa"]
[Result "1/2-1/2"]
[WhiteElo "2595"]
[BlackElo "2500"]
[PlyCount "72"]
[EventDate "1990.06.??"]
[EventType "tourn"]
[EventRounds "11"]
[EventCountry "HUN"]
[EventCategory "13"]
[Source "ChessBase"]
[SourceDate "1991.02.01"]

1. d4 f5 2. c4 Nf6 3. g3 g6 4. Bg2 Bg7 5. Nf3 O-O 6. O-O d6 7. Nc3 Nc6 8. d5
Na5 9. Qd3 e5 10. dxe6 Bxe6 11. b3 Nc6 12. Ng5 Bd7 13. Bb2 h6 14. Nf3 Ne4 15.
Qc2 Qf6 16. Nd1 Qf7 17. Nd2 Nc5 18. Bxg7 Qxg7 19. Qc3 Nd4 20. Bd5+ Kh7 21. Kg2
Nxe2 22. Qxg7+ Kxg7 23. b4 Nd3 24. Bxb7 Rab8 25. Bf3 Nd4 26. a3 Nc2 27. Ra2 Nd4
28. Nc3 Ne5 29. Bd1 Be6 30. Re1 Bxc4 31. Nxc4 Nxc4 32. Ba4 Nb6 33. Nb5 Nxa4 34.
Nxd4 Rfe8 35. Rxe8 Rxe8 36. Nb5 c5 1/2-1/2

[Event "Debrecen"]
[Site "Debrecen"]
[Date "1990.??.??"]
[Round "8"]
[White "Kindermann, Stefan"]
[Black "Polgar, Zsuzsa"]
[Result "1/2-1/2"]
[WhiteElo "2560"]
[BlackElo "2500"]
[PlyCount "36"]
[EventDate "1990.06.??"]
[EventType "tourn"]
[EventRounds "11"]
[EventCountry "HUN"]
[EventCategory "13"]
[Source "ChessBase"]
[SourceDate "1991.02.01"]

1. e4 c5 2. Nf3 Nc6 3. d4 cxd4 4. Nxd4 Nf6 5. Nc3 e5 6. Ndb5 d6 7. Bg5 a6 8.
Na3 b5 9. Nd5 Qa5+ 10. Bd2 Qd8 11. Bg5 Be7 12. Bxf6 Bxf6 13. c3 O-O 14. Nc2 Bg5
15. a4 bxa4 16. Rxa4 a5 17. Bc4 Rb8 18. Qa1 Ne7 1/2-1/2

[Event "OHRA-B"]
[Site "Amsterdam"]
[Date "1990.??.??"]
[Round "6"]
[White "Fedorowicz, John P"]
[Black "Polgar, Zsuzsa"]
[Result "1-0"]
[WhiteElo "2565"]
[BlackElo "2510"]
[Annotator "Boensch,U"]
[PlyCount "65"]
[EventDate "1990.07.??"]
[EventType "swiss"]
[EventRounds "9"]
[EventCountry "NED"]
[Source "ChessBase"]
[SourceDate "1991.02.01"]

1. e4 {Bönsch} c5 2. Nf3 Nc6 3. d4 cxd4 4. Nxd4 g6 5. c4 Nf6 6. Nc3 d6 7. Be2
Nxd4 8. Qxd4 Bg7 9. O-O (9. Bg5 O-O 10. Qe3 Be6 11. Rc1 a6 12. O-O b5 13. cxb5
axb5 14. a3 $14 {Arnason - Petursson, Reykjavik 1990 - Inf.48/234}) 9... O-O
10. Qd3 Be6 11. Bd2 (11. Be3) 11... a6 12. b3 Nd7 13. Rac1 Qb6 14. Kh1 Qd4 $6 (
14... Nc5 15. Qe3 Qc6) 15. Qc2 $1 (15. Qxd4 Bxd4 $10) 15... Rfc8 16. f4 f5 17.
exf5 Bxf5 18. Qd1 Nf6 (18... Nc5 19. Nd5 $18) 19. Bf3 Rab8 (19... Qb6 20. Qe2
Re8 21. g4 Bd7 22. g5 $16) 20. Qe1 $1 Bg4 21. Bxg4 Nxg4 22. Nd5 $18 Kh8 23. Bc3
Qd3 24. Bxg7+ Kxg7 25. h3 Nh6 26. Qxe7+ Nf7 27. Qf6+ Kf8 28. f5 g5 29. Rfe1 Re8
30. Nc7 Re5 31. Rxe5 dxe5 32. Ne6+ Ke8 33. Nxg5 (33. Nxg5 Nxg5 34. Qxe5+ $18)
1-0

[Event "OHRA-B"]
[Site "Amsterdam"]
[Date "1990.??.??"]
[Round "9"]
[White "Van Wely, Loek"]
[Black "Polgar, Zsuzsa"]
[Result "0-1"]
[WhiteElo "2400"]
[BlackElo "2510"]
[Annotator "Ftacnik,L"]
[PlyCount "58"]
[EventDate "1990.07.??"]
[EventType "swiss"]
[EventRounds "9"]
[EventCountry "NED"]
[Source "ChessBase"]
[SourceDate "1991.02.01"]

1. d4 d5 2. Nf3 c5 3. c4 dxc4 4. Nc3 Nf6 5. e4 cxd4 6. Qxd4 Qxd4 7. Nxd4 e5 8.
Ndb5 Kd8 9. Bg5 {N} (9. Be3 Be6 10. Bxa7 Nbd7 11. Be3 Bb4 12. f3 Ra5 13. O-O-O
Ke7 14. Be2 Rc8 $10 {Pein-Polgar,Zsu/New York op/1986/  ->CBM 02}) 9... a6 10.
Nd5 (10. Rd1+ Nbd7 11. Nd5 axb5 12. Nxf6 Bb4+ 13. Ke2 Be7) 10... axb5 11. Nxf6
Bb4+ $1 12. Ke2 Be7 13. Rd1+ Bd7 (13... Nd7 14. Nxd7 Bxd7 $17) 14. Nxd7 Nxd7
15. g3 (15. Bxe7+ Kxe7 16. a3 Nc5 $17) 15... Rxa2 16. Bh3 Rxb2+ 17. Kf1 Bxg5
18. Rxd7+ Ke8 19. Kg2 (19. Rxb7 c3 20. Rb8+ Bd8 21. Kg2 c2 22. Rc1 b4 $19)
19... Rd2 (19... c3 20. Ra1) 20. Rxb7 c3 21. Rxb5 (21. Ra1 c2 22. Ra8+ Rd8 $19)
21... Be3 22. Ra1 (22. Rb8+ Ke7 23. Rxh8 Rxf2+ 24. Kg1 Ra2+ 25. Kf1 c2 26. Rc8
c1=Q+ 27. Rxc1 Bxc1 $17) 22... Rxf2+ 23. Kh1 Ke7 24. Rxe5+ Kf6 25. Rd5 (25.
Rf5+ Rxf5 26. Bxf5 c2 $19) 25... Rb8 26. e5+ (26. Ra6+ Ke7 $19) 26... Kg6 27.
Rd3 Re2 28. Bg4 (28. Rxc3 Rbb2 29. Rc6+ Kg5 $19) 28... c2 29. Bxe2 (29. Rf1 Rb1
$19) 29... Rb1+ {Ftacnik,L} 0-1

[Event "Novi Sad tt"]
[Site "Novi Sad"]
[Date "1990.??.??"]
[Round "5"]
[White "Drazic, Sinisa"]
[Black "Polgar, Zsuzsa"]
[Result "1/2-1/2"]
[WhiteElo "2310"]
[BlackElo "2500"]
[PlyCount "177"]
[EventDate "1990.09.??"]
[EventType "schev"]
[EventRounds "3"]
[EventCountry "YUG"]
[Source "ChessBase"]
[SourceDate "1996.11.15"]

1. c4 e5 2. g3 Nc6 3. Bg2 g6 4. Nc3 Bg7 5. e3 d6 6. Nge2 Nge7 7. Rb1 Be6 8. Nd5
Qd7 9. b4 Nd8 10. d4 Nc8 11. e4 O-O 12. O-O f5 13. f4 fxe4 14. fxe5 Rxf1+ 15.
Qxf1 Bxd5 16. cxd5 dxe5 17. Nc3 Nd6 18. dxe5 Bxe5 19. Nxe4 Nxe4 20. Bxe4 Nf7
21. Be3 Nd6 22. Bg2 Rf8 23. Qe2 a6 24. Rc1 Rf7 25. a3 Qb5 26. Qc2 Nf5 27. Bf2
Bd4 28. Re1 Qb6 29. Bxd4 Qxd4+ 30. Kh1 Rd7 31. Rd1 Qe5 32. Qa2 Kg7 33. Qd2 h5
34. Rf1 h4 35. gxh4 Nxh4 36. Kg1 Nf5 37. Qf2 Rf7 38. Qd2 Re7 39. Qf2 Qe3 40.
Qxe3 Rxe3 41. Rc1 Re7 42. Kf2 Kf6 43. Rc4 g5 44. Rc5 g4 45. Rc4 Kg5 46. Rc5 Nd6
47. Rc3 Rh7 48. h3 gxh3 49. Rxh3 Rxh3 50. Bxh3 Kf4 51. Bg2 Nc4 52. Ke2 b6 53.
Kd3 Nxa3 54. d6 cxd6 55. Bb7 Nb5 56. Bxa6 Nc7 57. Bc4 Ke5 58. Bf7 Nb5 59. Be8
Nc7 60. Bf7 d5 61. Bg6 Ne6 62. Kc3 Kf4 63. Bf7 Kf5 64. Bg8 Ke5 65. Bh7 Ng5 66.
Bg6 Ne4+ 67. Kd3 Nd6 68. Kc3 Nf5 69. Kd3 Ne7 70. Bh7 Nf5 71. Bg6 Ng3 72. Bh7
Ne4 73. Bg6 Ng5 74. Kc3 Ne6 75. Bh7 Nf4 76. Bc2 b5 77. Bh7 d4+ 78. Kd2 Nd5 79.
Bd3 Nc3 80. Bf1 Kd5 81. Kd3 Na2 82. Kd2 Nc3 83. Kd3 Ke5 84. Bh3 Nd5 85. Bd7 Nc7
86. Bc6 Kd6 87. Bf3 Ke5 88. Bc6 Kd6 89. Bf3 1/2-1/2